Word Ladder: One Liners II Quiz Stats

 Plays Quiz Updated Jan 28, 2014

Support Sporcle.
Go Orange.
Score 0/15 Timer 02:00
1 Play Today
One Liner Answer % Correct
I forgot how to throw a boomerang but then it ____ back to me.CAME
96.1%
I come from a long ____ of actors. It's called the dole queue.LINE
95.5%
Politicians and diapers should both be changed regularly: and for the ____ reason.SAME
95.3%
Why do supermarkets always put the slowest cashier in the express ____.LANE
94%
I'd be delighted to help you out. Which way did you ____ in?COME
93.8%
We live in a world where pizza gets to your ____ quicker than the police.HOME
93.4%
I wanted to buy a camouflage jacket but I couldn't ____ one anywhere. FIND
92.7%
I wonder how long I would be on ____ if my call wasn't important.HOLD
92.5%
One Liner Answer % Correct
I know I'm ____ because the voices in my head tell me so.SANE
92%
A ____ has been discovered in the wall of the nudist colony. Police are looking into it.HOLE
91.1%
I used to have trouble making up my ____ but now I'm not so sure.MIND
90.7%
It was so ____ today I saw a lawyer with his hands in his own pockets.COLD
87.2%
A ____ is a tax for doing wrong. A tax is a ____ for doing well.FINE
87.1%
When my broker said my investments were worth a ____, I didn't realize he meant a tic-tac.MINT
76.6%
A man walked into a bar with some asphalt in his hand. 'A ____ for me and one for the road' he said.PINT
49.9%

Today's Daily Dose

You're not logged in!

Compare scores with friends on all Sporcle quizzes.
OR
Log In
Forgot?

From the Vault

TV Show by Final Scene

by WillieG

A series finale can bring out a mix of emotions for viewers. They can also bring a wave of complaints about how the show ended.
Remove Ads.
Support Sporcle.
Get the best of Sporcle when you Go Orange. This ad-free experience offers more features, more stats, and more fun while also helping to support Sporcle. Thank you for becoming a member.

Show Comments

Extras

Top Quizzes Today


Score Distribution

Your Account Isn't Verified!

In order to create a playlist on Sporcle, you need to verify the email address you used during registration. Go to your Sporcle Settings to finish the process.

Report this User

Report this user for behavior that violates our Community Guidelines.

Details: